000 00498nmm a2200169Ia 4500
008 251105s9999||||xx |||||||||||||||||und||
020 _a9788490731703
041 _aspa
100 _aMelero Gracia, María Luisa
245 0 _aCarta de Santiago
264 _a[Madrid, España] :
_bEditorial Verbo Divino,
_c2015
300 _a248 páginas
490 _aGuías de lectura del Nuevo Testamento
650 _aReligion(s)
856 _uhttps://public.digitaliapublishing.com/a/38507
942 _cCF
999 _c87840
_d87840